000
00321nam a2200133Ia 4500
003
OSt
005
20231107111140.0
008
170524s9999 xx 000 0 und d
020
_a
9788120329799
040
_c
IIMT UNIVERSITY
100
_a
RAJARAMAN-V
245
0
_a
DIGITAL LOGIC AND COMPUTER ORGANIZATION
942
_2
ddc
_c
02
999
_c
4369
_d
4369